[Event "Wch u20 girls"]
[Site "Kocaeli"]
[Date "2013.09.23"]
[Round "10.4"]
[White "Rodriguez Rueda, Paula Andrea"]
[Black "Saduakassova, Dinara"]
[Result "1/2-1/2"]
[WhiteElo "2225"]
[BlackElo "2326"]
[PlyCount "68"]
[EventDate "2013.09.??"]
[EventType "swiss"]
[EventRounds "13"]
[EventCountry "TUR"]
[Source "CBase R.Goldau"]
[SourceDate "2000.03.01"]
[TimeControl "40/5400+30:1800+30"]

1. d4 {[%emt 0:00:30]} Nf6 {[%emt 0:00:30]} 2. c4 {[%emt 0:00:00]} e6 {[%emt 0:
00:00]} 3. Nf3 {[%emt 0:00:00]} d5 {[%emt 0:00:00]} 4. Nc3 {[%emt 0:00:00]} Bb4
{[%emt 0:00:00]} 5. Qa4+ {[%emt 0:00:00]} Nc6 {[%emt 0:00:00]} 6. e3 {[%emt 0:
00:30]} O-O {[%emt 0:02:30]} 7. Bd3 {[%emt 0:00:30]} a6 {[%emt 0:12:30]} 8. O-O
{[%emt 0:04:30]} Qe7 {[%emt 0:08:30]} 9. Qc2 {[%emt 0:02:30]} dxc4 {[%emt 0:01:
30]} 10. Bxc4 {[%emt 0:00:30]} e5 {[%emt 0:02:30]} 11. Nd5 {[%emt 0:02:30]}
Nxd5 {[%emt 0:07:30]} 12. Bxd5 {[%emt 0:00:30]} exd4 {[%emt 0:06:30]} 13. exd4
{[%emt 0:10:30]} h6 {[%emt 0:10:30]} 14. Bxc6 {[%emt 0:03:30]} bxc6 {[%emt 0:
00:30]} 15. Ne5 {[%emt 0:06:30]} Bd6 {[%emt 0:01:30]} 16. Qxc6 {[%emt 0:07:30]}
Rb8 {[%emt 0:05:30]} 17. Qc3 {[%emt 0:00:00]} Qf6 {[%emt 0:05:30]} 18. b3 {
[%emt 0:09:00]} Rb5 {[%emt 0:07:30]} 19. Bb2 {[%emt 0:05:30]} Bb7 {[%emt 0:03:
30]} 20. f4 {[%emt 0:09:30]} Qf5 {[%emt 0:02:30]} 21. a4 {[%emt 0:02:30]} Rb6 {
[%emt 0:02:03]} 22. Rf2 {[%emt 0:14:30]} Re8 {[%emt 0:04:27]} 23. Rd1 {[%emt 0:
04:04]} Bd5 {[%emt 0:01:55]} 24. Nc4 {[%emt 0:02:43]} Bb4 {[%emt 0:00:13]} 25.
Qc2 {[%emt 0:01:51]} Qxc2 {[%emt 0:02:49]} 26. Rxc2 {[%emt 0:00:02]} Rbe6 {
[%emt 0:00:22]} 27. Kf2 {[%emt 0:02:44]} Bd6 {[%emt 0:01:40]} 28. Bc1 {[%emt 0:
02:09]} Rb8 {[%emt 0:03:14]} 29. Rc3 {[%emt 0:00:52]} Be7 {[%emt 0:01:12]} 30.
Be3 {[%emt 0:01:51]} Bb4 {[%emt 0:00:58]} 31. Rcc1 {[%emt 0:01:23]} Bf8 {[%emt
0:00:42]} 32. Rc3 {[%emt 0:01:16]} Bb4 {[%emt 0:00:04]} 33. Rcc1 {[%emt 0:00:
09]} Bf8 {[%emt 0:01:43]} 34. Rc3 {[%emt 0:00:28]} Bb4 {[%emt 0:00:12]} 1/2-1/2

[Event "Wch u20 girls"]
[Site "Kocaeli"]
[Date "2013.09.23"]
[Round "10.5"]
[White "Stetsko, Lanita"]
[Black "Medina, Warda Aulia"]
[Result "0-1"]
[WhiteElo "2213"]
[BlackElo "2301"]
[PlyCount "46"]
[EventDate "2013.09.??"]
[EventType "swiss"]
[EventRounds "13"]
[EventCountry "TUR"]
[Source "CBase R.Goldau"]
[SourceDate "2000.03.01"]
[TimeControl "40/5400+30:1800+30"]

1. e4 {[%emt 0:00:30]} e6 {[%emt 0:00:30]} 2. d4 {[%emt 0:00:00]} d5 {[%emt 0:
00:00]} 3. e5 {[%emt 0:00:00]} c5 {[%emt 0:00:00]} 4. c3 {[%emt 0:00:30]} Nc6 {
[%emt 0:00:00]} 5. Nf3 {[%emt 0:00:00]} Bd7 {[%emt 0:00:00]} 6. a3 {[%emt 0:00:
00]} f6 {[%emt 0:00:30]} 7. Bd3 {[%emt 0:00:30]} Qc7 {[%emt 0:00:30]} 8. Qe2 {
[%emt 0:01:30]} cxd4 {[%emt 0:01:30]} 9. cxd4 {[%emt 0:05:30]} Nxd4 {[%emt 0:
05:30]} 10. Qd1 {[%emt 0:19:30]} Nxf3+ {[%emt 0:01:30]} 11. gxf3 {[%emt 0:00:
30]} Qxe5+ {[%emt 0:04:30]} 12. Kf1 {[%emt 0:02:30]} Qh5 {[%emt 0:04:30]} 13.
Nc3 {[%emt 0:04:30]} a6 {[%emt 0:05:30]} 14. Bf4 {[%emt 0:08:30]} Ne7 {[%emt 0:
01:30]} 15. Na4 {[%emt 0:08:30]} Nc8 {[%emt 0:01:30]} 16. Rg1 {[%emt 0:03:30]}
e5 {[%emt 0:01:30]} 17. Bd2 {[%emt 0:02:30]} e4 {[%emt 0:14:30]} 18. Qe2 {
[%emt 0:05:30]} Qxh2 {[%emt 0:02:30]} 19. Qe3 {[%emt 0:02:30]} Qh3+ {[%emt 0:
07:30]} 20. Ke1 {[%emt 0:00:30]} Bxa4 {[%emt 0:01:30]} 21. Bxe4 {[%emt 0:01:30]
} Qe6 {[%emt 0:09:30]} 22. Rg4 {[%emt 0:13:26]} Bc6 {[%emt 0:01:30]} 23. Rc1 {
[%emt 0:00:30]} Kf7 {[%emt 0:01:30]} 0-1

[Event "Wch u20 girls"]
[Site "Kocaeli"]
[Date "2013.09.23"]
[Round "10.6"]
[White "Qiu, Mengjie"]
[Black "Abdumalik, Zhansaya"]
[Result "0-1"]
[WhiteElo "2091"]
[BlackElo "2277"]
[PlyCount "82"]
[EventDate "2013.09.??"]
[EventType "swiss"]
[EventRounds "13"]
[EventCountry "TUR"]
[Source "CBase R.Goldau"]
[SourceDate "2000.03.01"]
[TimeControl "40/5400+30:1800+30"]

1. e4 {[%emt 0:00:30]} c5 {[%emt 0:00:30]} 2. Nf3 {[%emt 0:00:00]} a6 {[%emt 0:
00:00]} 3. d4 {[%emt 0:03:00]} cxd4 {[%emt 0:00:00]} 4. Nxd4 {[%emt 0:00:00]}
Nf6 {[%emt 0:00:30]} 5. Nc3 {[%emt 0:01:00]} e5 {[%emt 0:00:00]} 6. Nb3 {[%emt
0:03:30]} Bb4 {[%emt 0:00:00]} 7. Bd3 {[%emt 0:05:30]} Nc6 {[%emt 0:05:30]} 8.
O-O {[%emt 0:00:30]} Bxc3 {[%emt 0:00:30]} 9. bxc3 {[%emt 0:00:30]} O-O {[%emt
0:02:30]} 10. f4 {[%emt 0:06:30]} d5 {[%emt 0:06:30]} 11. exd5 {[%emt 0:11:30]}
Bg4 {[%emt 0:05:30]} 12. Qe1 {[%emt 0:04:30]} Qxd5 {[%emt 0:00:30]} 13. c4 {
[%emt 0:01:30]} Qd6 {[%emt 0:11:30]} 14. fxe5 {[%emt 0:04:30]} Qxe5 {[%emt 0:
01:30]} 15. Qh4 {[%emt 0:06:30]} Qh5 {[%emt 0:04:30]} 16. Qg3 {[%emt 0:03:30]}
Nd7 {[%emt 0:04:30]} 17. Bb2 {[%emt 0:03:30]} Nde5 {[%emt 0:08:30]} 18. h3 {
[%emt 0:06:30]} Bc8 {[%emt 0:08:30]} 19. Nd4 {[%emt 0:13:30]} Nxd3 {[%emt 0:06:
30]} 20. cxd3 {[%emt 0:00:30]} Nxd4 {[%emt 0:04:30]} 21. Bxd4 {[%emt 0:00:30]}
Qg6 {[%emt 0:00:30]} 22. Qxg6 {[%emt 0:01:30]} hxg6 {[%emt 0:00:30]} 23. Bc5 {
[%emt 0:00:30]} Rd8 {[%emt 0:04:30]} 24. d4 {[%emt 0:01:30]} Bf5 {[%emt 0:00:
30]} 25. Rad1 {[%emt 0:03:12]} Rac8 {[%emt 0:03:30]} 26. Rfe1 {[%emt 0:03:39]}
Rd7 {[%emt 0:03:51]} 27. Rc1 {[%emt 0:01:31]} Rc6 {[%emt 0:02:52]} 28. Ba7 {
[%emt 0:03:31]} Bd3 {[%emt 0:02:54]} 29. c5 {[%emt 0:02:41]} Rxd4 {[%emt 0:01:
21]} 30. Re8+ {[%emt 0:00:14]} Kh7 {[%emt 0:00:04]} 31. Re7 {[%emt 0:00:48]}
Bc4 {[%emt 0:03:42]} 32. a3 {[%emt 0:02:02]} Bd5 {[%emt 0:00:54]} 33. Rc2 {
[%emt 0:05:21]} Rf6 {[%emt 0:01:50]} 34. Kh2 {[%emt 0:00:52]} Rd1 {[%emt 0:01:
30]} 35. Rd7 {[%emt 0:00:47]} Rff1 {[%emt 0:00:03]} 36. Bb8 {[%emt 0:01:02]}
Kh6 {[%emt 0:01:57]} 37. Kg3 {[%emt 0:01:14]} Rd3+ {[%emt 0:00:53]} 38. Kh2 {
[%emt 0:00:04]} Rdd1 {[%emt 0:01:12]} 39. Kg3 {[%emt 0:00:23]} g5 {[%emt 0:00:
18]} 40. Be5 {[%emt 0:00:00]} f6 {[%emt 0:00:00]} 41. Bc3 {[%emt 0:13:54]} f5 {
[%emt 0:01:39]} 0-1

[Event "Wch u20 girls"]
[Site "Kocaeli"]
[Date "2013.09.23"]
[Round "10.7"]
[White "Ibrahimova, Sabina"]
[Black "Hejazipour, Mitra"]
[Result "1/2-1/2"]
[WhiteElo "2202"]
[BlackElo "2256"]
[PlyCount "82"]
[EventDate "2013.09.??"]
[EventType "swiss"]
[EventRounds "13"]
[EventCountry "TUR"]
[Source "CBase R.Goldau"]
[SourceDate "2000.03.01"]
[TimeControl "40/5400+30:1800+30"]

1. e4 {[%emt 0:00:30]} c5 {[%emt 0:00:30]} 2. Nf3 {[%emt 0:00:00]} d6 {[%emt 0:
00:30]} 3. d4 {[%emt 0:00:00]} cxd4 {[%emt 0:00:00]} 4. Nxd4 {[%emt 0:00:00]}
Nf6 {[%emt 0:00:00]} 5. Nc3 {[%emt 0:00:00]} a6 {[%emt 0:00:00]} 6. h3 {[%emt
0:00:00]} e5 {[%emt 0:00:00]} 7. Nde2 {[%emt 0:00:00]} h5 {[%emt 0:00:30]} 8.
Bg5 {[%emt 0:00:30]} Be6 {[%emt 0:00:30]} 9. Bxf6 {[%emt 0:01:30]} Qxf6 {[%emt
0:00:30]} 10. Nd5 {[%emt 0:00:00]} Qd8 {[%emt 0:00:30]} 11. Nec3 {[%emt 0:00:
00]} g6 {[%emt 0:01:30]} 12. Bc4 {[%emt 0:04:30]} Nc6 {[%emt 0:04:30]} 13. Ne3
{[%emt 0:00:30]} Bh6 {[%emt 0:13:30]} 14. Ncd5 {[%emt 0:03:30]} b5 {[%emt 0:01:
30]} 15. Be2 {[%emt 0:10:30]} O-O {[%emt 0:05:30]} 16. c3 {[%emt 0:08:30]} Rb8
{[%emt 0:09:30]} 17. O-O {[%emt 0:08:30]} Ne7 {[%emt 0:19:30]} 18. Bf3 {[%emt
0:24:30]} Kg7 {[%emt 0:14:30]} 19. Qd3 {[%emt 0:03:30]} Nxd5 {[%emt 0:03:30]}
20. Nxd5 {[%emt 0:00:30]} Qd7 {[%emt 0:00:30]} 21. Rad1 {[%emt 0:02:30]} Rfd8 {
[%emt 0:00:30]} 22. Be2 {[%emt 0:03:30]} h4 {[%emt 0:04:11]} 23. Ra1 {[%emt 0:
14:43]} Qb7 {[%emt 0:05:39]} 24. Rfd1 {[%emt 0:00:19]} Rbc8 {[%emt 0:01:32]}
25. Bg4 {[%emt 0:06:51]} Rc5 {[%emt 0:02:21]} 26. b4 {[%emt 0:01:41]} Rc4 {
[%emt 0:03:51]} 27. a4 {[%emt 0:01:58]} f5 {[%emt 0:04:04]} 28. Bf3 {[%emt 0:
03:10]} Kf7 {[%emt 0:02:39]} 29. axb5 {[%emt 0:00:21]} axb5 {[%emt 0:00:10]}
30. Ra5 {[%emt 0:01:14]} Bxd5 {[%emt 0:01:26]} 31. Qxd5+ {[%emt 0:00:25]} Qxd5
{[%emt 0:00:04]} 32. Rxd5 {[%emt 0:00:05]} fxe4 {[%emt 0:00:45]} 33. Be2 {
[%emt 0:01:17]} Rxc3 {[%emt 0:00:01]} 34. Raxb5 {[%emt 0:00:15]} Rc1+ {[%emt 0:
00:56]} 35. Rd1 {[%emt 0:00:50]} Rxd1+ {[%emt 0:00:53]} 36. Bxd1 {[%emt 0:00:
03]} d5 {[%emt 0:00:24]} 37. Bb3 {[%emt 0:00:49]} Ke6 {[%emt 0:00:10]} 38. Kf1
{[%emt 0:00:39]} e3 {[%emt 0:00:33]} 39. f3 {[%emt 0:00:37]} Bf4 {[%emt 0:00:
37]} 40. Ke2 {[%emt 0:00:00]} Rd6 {[%emt 0:00:00]} 41. Kd3 {[%emt 0:02:13]} g5
{[%emt 0:14:54]} 1/2-1/2

[Event "Wch u20 girls"]
[Site "Kocaeli"]
[Date "2013.09.23"]
[Round "10.8"]
[White "Khademalsharieh, Sarasadat"]
[Black "Sihite, Chelsie Monica"]
[Result "1-0"]
[WhiteElo "2303"]
[BlackElo "2282"]
[PlyCount "81"]
[EventDate "2013.09.??"]
[EventType "swiss"]
[EventRounds "13"]
[EventCountry "TUR"]
[Source "CBase R.Goldau"]
[SourceDate "2000.03.01"]
[TimeControl "40/5400+30:1800+30"]

1. Nf3 {[%emt 0:00:30]} Nf6 {[%emt 0:00:30]} 2. c4 {[%emt 0:00:00]} e6 {[%emt
0:00:30]} 3. g3 {[%emt 0:00:00]} d5 {[%emt 0:09:30]} 4. Bg2 {[%emt 0:00:30]}
dxc4 {[%emt 0:04:30]} 5. Qa4+ {[%emt 0:00:30]} Bd7 {[%emt 0:04:30]} 6. Qxc4 {
[%emt 0:00:30]} Bc6 {[%emt 0:00:30]} 7. O-O {[%emt 0:00:30]} a6 {[%emt 0:03:30]
} 8. Qc2 {[%emt 0:01:30]} Be7 {[%emt 0:01:30]} 9. Nc3 {[%emt 0:02:30]} b5 {
[%emt 0:06:30]} 10. d4 {[%emt 0:04:30]} b4 {[%emt 0:01:30]} 11. Na4 {[%emt 0:
00:30]} Be4 {[%emt 0:01:30]} 12. Qb3 {[%emt 0:02:30]} Nc6 {[%emt 0:02:30]} 13.
Bf4 {[%emt 0:01:30]} Nd5 {[%emt 0:03:30]} 14. Rac1 {[%emt 0:04:30]} Na5 {[%emt
0:11:30]} 15. Qd1 {[%emt 0:00:30]} Nxf4 {[%emt 0:00:30]} 16. gxf4 {[%emt 0:00:
30]} b3 {[%emt 0:04:30]} 17. Nc5 {[%emt 0:05:30]} Bd5 {[%emt 0:05:30]} 18. axb3
{[%emt 0:02:30]} Bxc5 {[%emt 0:03:30]} 19. Rxc5 {[%emt 0:00:30]} c6 {[%emt 0:
04:30]} 20. e4 {[%emt 0:13:30]} Bxb3 {[%emt 0:05:30]} 21. Qa1 {[%emt 0:01:30]}
Nc4 {[%emt 0:00:30]} 22. Rc1 {[%emt 0:01:30]} Nd6 {[%emt 0:02:30]} 23. Nd2 {
[%emt 0:00:30]} Rb8 {[%emt 0:00:30]} 24. R5c3 {[%emt 0:04:30]} Nb5 {[%emt 0:01:
30]} 25. Rxb3 {[%emt 0:01:30]} Nxd4 {[%emt 0:00:30]} 26. Re3 {[%emt 0:03:30]}
O-O {[%emt 0:00:00]} 27. Qa3 {[%emt 0:05:30]} Qf6 {[%emt 0:01:00]} 28. Qc3 {
[%emt 0:00:30]} Rfd8 {[%emt 0:00:30]} 29. Nf3 {[%emt 0:05:30]} Rb3 {[%emt 0:00:
30]} 30. Qe1 {[%emt 0:00:30]} Rxb2 {[%emt 0:01:30]} 31. Nxd4 {[%emt 0:00:00]}
Rxd4 {[%emt 0:00:30]} 32. Rxc6 {[%emt 0:01:00]} h6 {[%emt 0:02:53]} 33. f5 {
[%emt 0:04:30]} Rdd2 {[%emt 0:02:08]} 34. Rc8+ {[%emt 0:03:30]} Kh7 {[%emt 0:
00:01]} 35. e5 {[%emt 0:00:00]} Qg5 {[%emt 0:01:53]} 36. Rg3 {[%emt 0:03:00]}
Qf4 {[%emt 0:00:51]} 37. fxe6 {[%emt 0:08:30]} Re2 {[%emt 0:01:01]} 38. Qf1 {
[%emt 0:00:00]} Rxf2 {[%emt 0:01:32]} 39. Qd3+ {[%emt 0:00:00]} g6 {[%emt 0:00:
00]} 40. exf7 {[%emt 0:00:00]} Qxf7 {[%emt 0:00:00]} 41. Be4 {[%emt 0:05:00]}
1-0

[Event "Wch u20 girls"]
[Site "Kocaeli"]
[Date "2013.09.23"]
[Round "10.9"]
[White "Pavlidou, Ekaterini"]
[Black "Enkhtuul, Altanulzii"]
[Result "1/2-1/2"]
[WhiteElo "2216"]
[BlackElo "2202"]
[PlyCount "105"]
[EventDate "2013.09.??"]
[EventType "swiss"]
[EventRounds "13"]
[EventCountry "TUR"]
[Source "CBase R.Goldau"]
[SourceDate "2000.03.01"]
[TimeControl "40/5400+30:1800+30"]

1. c4 {[%emt 0:00:30]} e5 {[%emt 0:00:30]} 2. Nc3 {[%emt 0:00:00]} Nf6 {[%emt
0:00:00]} 3. g3 {[%emt 0:01:00]} Bb4 {[%emt 0:01:00]} 4. Bg2 {[%emt 0:00:30]}
O-O {[%emt 0:00:00]} 5. Nf3 {[%emt 0:02:30]} Re8 {[%emt 0:00:00]} 6. O-O {
[%emt 0:01:30]} h6 {[%emt 0:01:30]} 7. a3 {[%emt 0:02:30]} Bxc3 {[%emt 0:00:30]
} 8. dxc3 {[%emt 0:00:00]} d6 {[%emt 0:00:30]} 9. Re1 {[%emt 0:06:00]} Nc6 {
[%emt 0:03:30]} 10. Nd2 {[%emt 0:00:30]} Be6 {[%emt 0:02:30]} 11. e4 {[%emt 0:
01:30]} a5 {[%emt 0:00:30]} 12. a4 {[%emt 0:01:30]} Nd7 {[%emt 0:09:30]} 13. b3
{[%emt 0:01:30]} Kh8 {[%emt 0:00:30]} 14. Nf1 {[%emt 0:02:30]} f5 {[%emt 0:03:
30]} 15. exf5 {[%emt 0:08:30]} Bxf5 {[%emt 0:00:30]} 16. g4 {[%emt 0:01:30]}
Bh7 {[%emt 0:00:30]} 17. g5 {[%emt 0:02:30]} hxg5 {[%emt 0:01:30]} 18. Qh5 {
[%emt 0:07:30]} Nf6 {[%emt 0:07:30]} 19. Qxg5 {[%emt 0:00:00]} e4 {[%emt 0:06:
30]} 20. Bf4 {[%emt 0:04:00]} Ne5 {[%emt 0:01:30]} 21. Nd2 {[%emt 0:05:30]} Qd7
{[%emt 0:03:30]} 22. Re3 {[%emt 0:03:30]} Qf5 {[%emt 0:09:30]} 23. Qxf5 {[%emt
0:10:30]} Bxf5 {[%emt 0:00:00]} 24. h3 {[%emt 0:02:30]} Re6 {[%emt 0:06:00]}
25. Bg5 {[%emt 0:02:30]} Nh7 {[%emt 0:01:30]} 26. h4 {[%emt 0:01:30]} Rae8 {
[%emt 0:01:30]} 27. Bh3 {[%emt 0:06:30]} Bxh3 {[%emt 0:05:30]} 28. Rxh3 {[%emt
0:00:00]} Ng4 {[%emt 0:03:30]} 29. Re1 {[%emt 0:04:00]} Nxg5 {[%emt 0:07:30]}
30. hxg5+ {[%emt 0:00:00]} Kg8 {[%emt 0:00:00]} 31. Rg3 {[%emt 0:06:38]} e3 {
[%emt 0:00:00]} 32. fxe3 {[%emt 0:00:15]} Nxe3 {[%emt 0:00:30]} 33. g6 {[%emt
0:01:11]} Nf5 {[%emt 0:01:30]} 34. Rxe6 {[%emt 0:00:08]} Rxe6 {[%emt 0:00:00]}
35. Rg5 {[%emt 0:00:18]} Ne7 {[%emt 0:05:01]} 36. Rxa5 {[%emt 0:00:29]} Rxg6+ {
[%emt 0:00:29]} 37. Kf2 {[%emt 0:01:14]} Rf6+ {[%emt 0:00:30]} 38. Ke2 {[%emt
0:02:17]} Nc6 {[%emt 0:01:08]} 39. Ra8+ {[%emt 0:00:05]} Kh7 {[%emt 0:03:52]}
40. Rc8 {[%emt 0:00:00]} Rf7 {[%emt 0:00:00]} 41. Nf3 {[%emt 0:05:25]} Kg6 {
[%emt 0:07:00]} 42. b4 {[%emt 0:03:30]} Kf5 {[%emt 0:01:30]} 43. a5 {[%emt 0:
04:30]} Re7+ {[%emt 0:02:30]} 44. Kd3 {[%emt 0:02:30]} Kg4 {[%emt 0:03:30]} 45.
Nh2+ {[%emt 0:02:30]} Kg5 {[%emt 0:00:30]} 46. Nf3+ {[%emt 0:01:30]} Kg4 {
[%emt 0:00:30]} 47. Nh2+ {[%emt 0:00:30]} Kg5 {[%emt 0:09:30]} 48. Nf3+ {[%emt
0:00:30]} Kf4 {[%emt 0:00:30]} 49. Rf8+ {[%emt 0:00:30]} Kg3 {[%emt 0:00:00]}
50. Nd2 {[%emt 0:02:30]} Ne5+ {[%emt 0:01:00]} 51. Kc2 {[%emt 0:00:30]} Nc6 {
[%emt 0:01:30]} 52. Kd3 {[%emt 0:00:30]} Ne5+ {[%emt 0:00:30]} 53. Kc2 {[%emt
0:00:30]} 1/2-1/2

[Event "Wch u20 girls"]
[Site "Kocaeli"]
[Date "2013.09.23"]
[Round "10.10"]
[White "Fronda, Jan Jodilyn"]
[Black "Martinez, Ayelen"]
[Result "1-0"]
[WhiteElo "2038"]
[BlackElo "2101"]
[PlyCount "59"]
[EventDate "2013.09.??"]
[EventType "swiss"]
[EventRounds "13"]
[EventCountry "TUR"]
[Source "CBase R.Goldau"]
[SourceDate "2000.03.01"]
[TimeControl "40/5400+30:1800+30"]

1. e4 {[%emt 0:00:30]} c5 {[%emt 0:00:30]} 2. Nf3 {[%emt 0:00:30]} e6 {[%emt 0:
00:00]} 3. c3 {[%emt 0:00:30]} Nf6 {[%emt 0:00:00]} 4. e5 {[%emt 0:02:30]} Nd5
{[%emt 0:00:30]} 5. d4 {[%emt 0:02:30]} cxd4 {[%emt 0:00:00]} 6. Qxd4 {[%emt 0:
00:00]} Nc6 {[%emt 0:00:00]} 7. Qe4 {[%emt 0:00:00]} f5 {[%emt 0:00:00]} 8.
exf6 {[%emt 0:00:30]} Nxf6 {[%emt 0:00:00]} 9. Qc2 {[%emt 0:00:30]} d5 {[%emt
0:01:30]} 10. Be2 {[%emt 0:02:30]} Bc5 {[%emt 0:02:30]} 11. Bg5 {[%emt 0:01:30]
} O-O {[%emt 0:05:30]} 12. O-O {[%emt 0:01:30]} e5 {[%emt 0:01:30]} 13. b4 {
[%emt 0:06:30]} Bd6 {[%emt 0:02:30]} 14. b5 {[%emt 0:02:30]} Ne7 {[%emt 0:01:
30]} 15. Nbd2 {[%emt 0:03:30]} Bg4 {[%emt 0:16:30]} 16. h3 {[%emt 0:05:30]} Bh5
{[%emt 0:07:30]} 17. c4 {[%emt 0:03:30]} Kh8 {[%emt 0:26:30]} 18. Qb3 {[%emt 0:
05:30]} Ne4 {[%emt 0:02:30]} 19. g4 {[%emt 0:14:30]} Nxg5 {[%emt 0:09:30]} 20.
Nxg5 {[%emt 0:00:00]} Nf5 {[%emt 0:01:30]} 21. Ne6 {[%emt 0:10:00]} Qf6 {[%emt
0:05:24]} 22. cxd5 {[%emt 0:01:30]} Rf7 {[%emt 0:09:05]} 23. Ne4 {[%emt 0:01:
30]} Qh4 {[%emt 0:00:35]} 24. Nxd6 {[%emt 0:00:30]} Nxd6 {[%emt 0:00:16]} 25.
gxh5 {[%emt 0:00:30]} Ne4 {[%emt 0:03:34]} 26. Qe3 {[%emt 0:02:30]} Rg8 {[%emt
0:02:48]} 27. Bg4 {[%emt 0:00:30]} g6 {[%emt 0:01:14]} 28. Qxe4 {[%emt 0:00:30]
} gxh5 {[%emt 0:00:05]} 29. Qxe5+ {[%emt 0:00:00]} Rf6 {[%emt 0:00:56]} 30. Qg3
{[%emt 0:00:00]} 1-0

[Event "Wch u20 girls"]
[Site "Kocaeli"]
[Date "2013.09.23"]
[Round "10.11"]
[White "Wang, Jue"]
[Black "Miladinovic, Lena"]
[Result "1-0"]
[WhiteElo "2392"]
[BlackElo "2080"]
[PlyCount "83"]
[EventDate "2013.09.??"]
[EventType "swiss"]
[EventRounds "13"]
[EventCountry "TUR"]
[Source "CBase R.Goldau"]
[SourceDate "2000.03.01"]
[TimeControl "40/5400+30:1800+30"]

1. e4 {[%emt 0:00:30]} c5 {[%emt 0:00:30]} 2. Nf3 {[%emt 0:00:00]} e6 {[%emt 0:
00:00]} 3. d4 {[%emt 0:00:00]} cxd4 {[%emt 0:00:00]} 4. Nxd4 {[%emt 0:00:00]}
Nc6 {[%emt 0:00:00]} 5. Nc3 {[%emt 0:00:00]} Qc7 {[%emt 0:00:00]} 6. Be2 {
[%emt 0:00:30]} Nf6 {[%emt 0:00:00]} 7. Be3 {[%emt 0:00:00]} Be7 {[%emt 0:00:
00]} 8. f4 {[%emt 0:00:00]} d6 {[%emt 0:00:30]} 9. Qd2 {[%emt 0:00:30]} a6 {
[%emt 0:03:30]} 10. O-O-O {[%emt 0:00:30]} Nd7 {[%emt 0:01:30]} 11. f5 {[%emt
0:00:30]} Nde5 {[%emt 0:08:30]} 12. fxe6 {[%emt 0:00:00]} fxe6 {[%emt 0:01:30]}
13. Nxc6 {[%emt 0:00:00]} bxc6 {[%emt 0:11:30]} 14. Bh5+ {[%emt 0:00:30]} g6 {
[%emt 0:01:30]} 15. Be2 {[%emt 0:00:00]} Nf7 {[%emt 0:06:30]} 16. Rhf1 {[%emt
0:09:00]} Bd7 {[%emt 0:07:30]} 17. g4 {[%emt 0:06:30]} a5 {[%emt 0:10:30]} 18.
g5 {[%emt 0:11:30]} Nd8 {[%emt 0:08:30]} 19. h4 {[%emt 0:04:30]} e5 {[%emt 0:
04:30]} 20. Bc4 {[%emt 0:11:30]} Be6 {[%emt 0:01:30]} 21. Bxe6 {[%emt 0:00:30]}
Nxe6 {[%emt 0:00:30]} 22. Qe2 {[%emt 0:00:30]} Rb8 {[%emt 0:07:30]} 23. Qc4 {
[%emt 0:01:30]} Kd7 {[%emt 0:03:30]} 24. a3 {[%emt 0:06:30]} Qb7 {[%emt 0:01:
30]} 25. b3 {[%emt 0:01:30]} Rhf8 {[%emt 0:01:38]} 26. Rxf8 {[%emt 0:01:30]}
Bxf8 {[%emt 0:03:37]} 27. Rf1 {[%emt 0:01:30]} Be7 {[%emt 0:00:39]} 28. Rf7 {
[%emt 0:00:30]} Rh8 {[%emt 0:02:53]} 29. Na4 {[%emt 0:14:30]} Nd8 {[%emt 0:00:
29]} 30. Rg7 {[%emt 0:05:30]} Ke8 {[%emt 0:02:16]} 31. Rg8+ {[%emt 0:04:30]}
Rxg8 {[%emt 0:00:08]} 32. Qxg8+ {[%emt 0:00:00]} Bf8 {[%emt 0:00:19]} 33. Bb6 {
[%emt 0:00:00]} Qe7 {[%emt 0:04:48]} 34. Bxd8 {[%emt 0:02:56]} Kxd8 {[%emt 0:
00:53]} 35. Nb6 {[%emt 0:00:04]} Kc7 {[%emt 0:03:10]} 36. Nc4 {[%emt 0:00:30]}
Kd7 {[%emt 0:03:10]} 37. a4 {[%emt 0:00:39]} Ke8 {[%emt 0:02:12]} 38. Nxa5 {
[%emt 0:00:36]} d5 {[%emt 0:00:57]} 39. Nxc6 {[%emt 0:00:47]} Qa3+ {[%emt 0:00:
27]} 40. Kb1 {[%emt 0:00:00]} Qc5 {[%emt 0:00:00]} 41. Qe6+ {[%emt 0:01:28]}
Be7 {[%emt 0:01:54]} 42. exd5 {[%emt 0:00:30]} 1-0